|
|
|
|
| LEADER |
01863nam a2200469 i 4500 |
| 001 |
EBC1895948 |
| 003 |
MiAaPQ |
| 005 |
20200520144314.0 |
| 006 |
m o d | |
| 007 |
cr cnu|||||||| |
| 008 |
150330t20152015njuad o 001 0 eng d |
| 020 |
|
|
|z 9781118194638
|
| 020 |
|
|
|a 9781119028406
|q (electronic bk.)
|
| 035 |
|
|
|a (MiAaPQ)EBC1895948
|
| 035 |
|
|
|a (Au-PeEL)EBL1895948
|
| 035 |
|
|
|a (CaPaEBR)ebr11033614
|
| 035 |
|
|
|a (CaONFJC)MIL770137
|
| 035 |
|
|
|a (OCoLC)904144526
|
| 040 |
|
|
|a MiAaPQ
|b eng
|e rda
|e pn
|c MiAaPQ
|d MiAaPQ
|
| 050 |
|
4 |
|a HD61.5
|b .R877 2015
|
| 082 |
0 |
|
|a 658.4/73
|2 23
|
| 100 |
1 |
|
|a Russell, David L.,
|d 1942-
|e author.
|
| 245 |
1 |
0 |
|a Industrial security :
|b managing security in the 21st century /
|c David L. Russell, Pieter Arlow.
|
| 264 |
|
1 |
|a Hoboken, New Jersey :
|b Wiley,
|c 2015.
|
| 264 |
|
4 |
|c 2015
|
| 300 |
|
|
|a 1 online resource (221 pages) :
|b illustrations (some color), charts
|
| 336 |
|
|
|a text
|2 rdacontent
|
| 337 |
|
|
|a computer
|2 rdamedia
|
| 338 |
|
|
|a online resource
|2 rdacarrier
|
| 500 |
|
|
|a Includes index.
|
| 588 |
|
|
|a Description based on print version record.
|
| 590 |
|
|
|a Electronic reproduction. Ann Arbor, MI : ProQuest, 2015. Available via World Wide Web. Access may be limited to ProQuest affiliated libraries.
|
| 650 |
|
0 |
|a Industries
|x Security measures.
|
| 650 |
|
0 |
|a Industrial safety.
|
| 650 |
|
0 |
|a Risk management.
|
| 650 |
|
0 |
|a Security systems.
|
| 650 |
|
0 |
|a Terrorism
|x Prevention.
|
| 655 |
|
4 |
|a Electronic books.
|
| 700 |
1 |
|
|a Arlow, Pieter,
|e author.
|
| 776 |
0 |
8 |
|i Print version:
|a Russell, David L., 1942-
|t Industrial security : managing security in the 21st century.
|d Hoboken, New Jersey : Wiley, c2015
|h xi, 206 pages
|z 9781118194638
|w 2014043896
|
| 797 |
2 |
|
|a ProQuest (Firm)
|
| 856 |
4 |
0 |
|u https://ebookcentral.proquest.com/lib/matrademy/detail.action?docID=1895948
|z Click to View
|